000 01124nam0a22002531 4500
001 rc\3943119
005 20260407012231.0
035 _a(NLR Aleph) 007920759
090 _a8156271
_c8156271
100 _a20130415d1956 |||y0rusy50 ca
101 0 _arus
102 _aRU
105 _aa z |||||
200 1 _aРуководство к практическим работам на токарных станках в УПМ
_fМ-во высш. образования СССР. Ленингр. ордена Красного Знамени воен.-механ. ин-т. Кафедра станков и обработки металлов резанием
210 _aЛенинград
_cБ. и.
_d1956
215 _a104 с., 4 л. ил.
_cил.
_d22
300 _aНа 3-й с. текста сост.: В.Г. Кузнецов
702 1 _aКузнецов
_bВ.Г.
_4220
710 0 2 _aЛенинградский военно-механический институт
_3RU\NLR\AUTH\889999975
_9497117
801 0 _aRU
_bNLR
_gpsbo
801 1 _aRU
_bELAR
_2rusmarc
852 _aNLR
_jТ36 Г-5/1442
942 _cBOOK
980 _aNB